1856 1579 1800 1710 1733 1755 1262 1691 1877 1385 1974 1871 1333 1009 1177 1699 1921 1799 1351 1117 1118 1806 1655 1549 1605 1700 1017 1543 1413 1508 1195 1624 1486 1837 1931 1922 1827 1430 1224 1012 1914 1406 1282 1281 1502 1287 1998 1814 1334 1320 1604 1313 1969 1912 1723 1020 1637 1568 1377 1615 1640 1576 1814 1120 1039 1412 1682 1074 1469 1842 1911 1828 1289 1466 1245 1545 1984 1521 1510 1945 1082 1194 1081 1413 1253 1741 1117 1711 1964 1073 1257 1093 1739 1037 1256 1800 1338 1101 1261 BCNSPRNW ULIB Ver.6.0+V

เปลี่ยนเป็นภาษาไทย

Change to English
 แสดงรายละเอียดบรรณานุกรม
  กลับหน้าหลัก

Brief Record : Get Marc (ISO 2709) : E-mail record : QR code < ปิดหน้าต่าง
LEADER : 00000nam 2200000uu 4500
001    13399112247
003     ULIB
008    110802s2554||||th 000 0 tha d
020    9786167057576
090    นว.^bว216ฟ 2554
100 0  วรนิษฐา
245 00 ฟ้าหลงตะวัน/^cวรนิษฐา
260    กรุงเทพฯ:^bSimply book-love novels,^c2554.
300    333 หน้า
945    ^p230^l0^i18465
995    เกษร
999 ^a ใช้งานได้ทุกระบบ
รายการนี้ยังไม่มีแท็ก
คุณยังไม่ได้ล็อกอิน คุณสามารถมีกิจกรรมร่วมกับเว็บไซต์ได้ แต่ต้องล็อกอินก่อน ::
  ล็อกอิน

รายการสื่อสารสนเทศ

ลำดับที่ ประเภท เลขเรียก/บาร์โค้ด สถานที่ สถานะ
1. วิทยาศาสตร์การแพทย์ และสุขภาพ
วิทยาศาสตร์การแพทย์ และสุขภาพ
นว. ว216ฟ 2554  
  Barcode: 18465
ห้องสมุดวิทยาเขตสวรรค์ประชารักษ์
►นวนิยาย
บนชั้น
  ขอยืม

BibComment


ยังไม่เคยถูกคอมเมนท์

คอมเมนท์ทรัพยากรรายการนี้
  คอมเมนท์: ฟ้าหลงตะวัน วรนิษฐา


 Copyright 2026. Bcnsprnw @Library